000 00332nam a2200121Ia 4500
008 190802s9999 xx 000 0 und d
020 _a978-81-317-0244-4
100 _aSara Baase , Allen Van
245 0 _aComputer Algorithms introduction to Design and analysis
260 _aIndia
_bPearson
_c2006
300 _a688:p
942 _cBK
999 _c2202
_d2202